000 00309nam a22001337a 4500
008 210514b ||||| |||| 00| 0 eng d
041 _aeng
080 _a82
082 _a82
100 _a21
101 _aGJL
245 _aLatin A Four-Year Course to G.C.E Ordinary Level
_cThompson,G.S
942 _2udc
_cBK
999 _c57310
_d57310